| 000 | 00549nam a2200181Ia 4500 | ||
|---|---|---|---|
| 003 | GCL | ||
| 008 | 140319s9999 xx 000 0 ara d | ||
| 040 |
_aGCL / _cGCL |
||
| 082 | 0 | 4 |
_a657.42 _bم.م |
| 100 | 1 | _aمحمد احمد خليل | |
| 245 | 1 | 0 |
_aمحاسبة التكاليف فى المجال الادارى / _cمحمد احمد خليل |
| 260 |
_a[S.N] : _bمؤسسة شباب الجامعة ، _c1986 |
||
| 300 | _a644 ص | ||
| 490 | _a | ||
| 650 | 0 | 4 | _aمحاسبة التكاليف |
| 650 | 0 | 4 | _aالمحاسبة |
| 942 |
_2ddc _cBK |
||
| 999 |
_c52701 _d52701 |
||